9 Most Influential Men in History - Statistics

General Stats
  • This quiz has been taken 114 times
    93 since last reset
  • The average score is 4 of 9
Answer Stats
Lifespan Answer % Correct
1. 1889-1945 Adolf Hitler
95%
10. 1878-1953 Joseph Stalin
77%
7. 1732-1799 George Washington
69%
8. 1769-1821 Napoleon
67%
3. 1809-1865 Abraham Lincoln
65%
4. 1882-1945 Franklin Delano Roosevelt
54%
5. 1874-1965 Winston Churchill
8%
9. 1859-1926 Sidney Lee
2%
2. 1707-1778 Carl Linnaeus
1%
No matching quizzes found
Score Distribution
Percent of People with Each Score
Percentile by Number Answered
Your Score History
You have not taken this quiz since the last reset